000 00648nam a22002177a 4500
005 20170124110201.0
010 _aB-181240
020 _c150.00
_a9788120727267
035 _aB-181240
037 _bCen Lib/Ret
040 _aDPL
_bEN
082 _a181.499
_bOSH
100 _aOsho
_930562
245 _aFalling :
_cby Osho
_bAbove the mind /
260 _aDelhi
_bSterling Publishers
_c2004
270 _aA-59 Okhla Industrial Area, Phase-II
_bDelhi
_e110020
300 _aviii,215p.
_c21cm(pbk)
650 _aNew Age movement
_936237
650 _aSpiritual life--New Age movement
_936238
942 _2ddc
_cEN
_h181.499
_mOSH
999 _c132940
_d132940